000 00599nam a2200217Ia 4500
003 OSt
005 20221007083108.0
006 a|||||r|||| 00| 0
007 ta
008 221006b |||||||| |||| 00| 0 eng d
024 _a38,502
037 _cDissertations
040 _aFLL
_cFLL
_beng
041 _2eng
_aeng
100 _aJaggi N.K
_9566554
245 0 _aDistinction between articles 227, 226 of the constitution of India and section 115 of the code of civil procedure
260 _c1979
300 _a121p
_ccm.
942 _cDIS
_2CC
999 _c1168795
_d1168795